00284nam a2200121Ia 4500008004100000082001500041100002400056245002800080250001100108260002700119300000800146650000800154191201s2011 xx 000 0 und d a658.8bJOI aJOSHI, Rakesh Mohan 0aInternational Marketing a11 IMP aN. DelhibOxfordc2011 a750 aMBA